| 000 | 00350nam a2200145Ia 4500 | ||
|---|---|---|---|
| 100 | _aChary/S.N | ||
| 250 | _a3 | ||
| 942 | _cBK | ||
| 366 | _f20 | ||
| 654 | _aoperation management | ||
| 245 | _aProduction and operations management | ||
| 260 |
_bMcGraw-Hill International Edition _aNew Delhi _c2004 |
||
| 082 |
_a658.5/CHA _bCHA |
||
| 546 | _aENGLISH | ||
| 999 |
_c27494 _d27494 |
||